00661 2200241 4500001002100000005001700021008004100038020001800079035002400097090002000121100001900141245007000160250001100230260003100241300002500272500003100297650001900328700001800347850001800365980001500383985000600398999001500404YOGYA-0209000001753920090227022754.0 ind  a979-413-416-3 0010-020900000017539 a639.3752bLiv M aLiviawaty, Evi aMaskokibbudidaya dan pemasarannyacEvi Liviawaty, Deddy Afrianto aCet. 6 aYogyakartabKanisiusc1996 a112 hlmbilusc21 cm aBibliografi : hlm. 111-112 aMaskoki (Ikan) aEddy Afrianto aYOPDYOGbadran a02-01-2006 a1 a97P0104216